000 00716nab a2200193 4500
001 244442
003 OSt
005 20230629131312.0
007 tu
008 200917s2020|||||||
040 _aDE-2950
_cDE-2950
245 0 0 _aKnifflige Fragen, kreative Lösungen.
_bSchule. Am Gauß-Gymnasium und IHP Leibnitz-Institut für innovative Mikroelektronik fand vor wenigen Tagen die 33. Physik-Olympiade statt. 53 Jugendliche aus 16 Schulen reisten dafür nach Frankfurt (Oder) /
_cred.
264 _c2023
653 _aFrankfurt (Oder)
653 _aGauß-Gymnasium
653 _aLandesolympiade Physik
773 0 _g34. Jahrgang (2023) Nr. 144 vom 23.06.2023, S. 16: mit Foto
_tMärkische Oderzeitung
942 _2z
_cA
999 _c372602
_d372602